000
00241nam a2200097Ia 4500
005
20251222114339.0
008
251222s1900||||xx |||||||||||||| ||spa||
082
_a
DVD0120/V77/2001
245
0
_a
Antonio Vivaldi: las cuatro estaciones
942
_c
DVD
999
_c
790
_d
790